000 01316cab a2200409 4500
001 ABS47944
008 090401t1993 xxu||||| |||| 00| 0 eng d
035 _a(Sirsi) u64151
041 _aeng
100 _aSheard, E.M.
245 _aValuing contaminated land: asset or liability?
260 _c1993
350 _a0
490 _aLand Contamination and Reclamation
_v1(1) Jaunuary 1993, 9-15 (7)
520 _aLooks at open market value, depreciated replacement cost and residual appraisal bases of valuation and the contamination of adjoining land in connection with the valuation of contaminated sites.
650 _aCLEAN-UP COSTS
650 _aCLEANED UP LAND
650 _aCONTAMINATED LAND
650 _aContamination
_96231
650 _aDEPRECIATED REPLACEMENT COST
650 _aENVIRONMENTAL FACTORS
650 _aENVIRONMENTAL PROTECTION ACT 1990
650 _aEXISTING USE
650 _aFREEHOLD
650 _aLEASEHOLD
650 _aOPEN MARKET VALUE
650 _aRESIDUAL VALUE
650 _aRICS STATEMENTS OF ASSET VALUATION PRACTICE
650 _aVALUATION METHODS
650 _aValuation
_96273
650 _aVALUE
690 _aENVIRONMENTAL AND LAND CONSULTANCY
690 _aLAND
690 _aRATING AND VALUATION
942 _n0
948 _c04/03/1997
999 _c39941
_d39941